100 ideas for secondary teachers: gifted and talented/ (Record no. 63111)

000 -LEADER
fixed length control field 00399nam a2200145Ia 4500
008 - FIXED-LENGTH DATA ELEMENTS--GENERAL INFORMATION
fixed length control field 190923s9999||||xx |||||||||||||| ||und||
020 ## - INTERNATIONAL STANDARD BOOK NUMBER
ISBN 9781472906342
037 ## - SOURCE OF ACQUISITION
Source of stock number/acquisition RAB01-03-2018
100 ## - MAIN ENTRY--AUTHOR NAME
Personal name Senior, John
245 #0 - TITLE STATEMENT
Title 100 ideas for secondary teachers: gifted and talented/
260 ## - PUBLICATION, DISTRIBUTION, ETC. (IMPRINT)
Place of publication New Delhi:
Name of publisher Bloomsbury publishing,
Year of publication 2014
300 ## - PHYSICAL DESCRIPTION
Number of Pages xi, 121
650 ## - SUBJECT ADDED ENTRY--TOPICAL TERM
Topical Term Education
942 ## - ADDED ENTRY ELEMENTS (KOHA)
Koha item type Books
Holdings
Lost status Damaged status Not for loan Collection code Permanent Location Current Location Shelving location Cost, normal purchase price Full call number Accession Number Koha item type
        RIE AJMER LIBRARY RIE AJMER LIBRARY General Stacks 499.00 371.95 SEN-H 6715 83784 Books

Powered by Koha